[Event "VI Torneo Leonardo di Bona Magistrale"]
[Site "Cutro ITA"]
[Date "2000.05.06"]
[Round "8"]
[White "Gorbatov, Alexej"]
[Black "Genocchio, Daniele"]
[Result "1-0"]
[WhiteElo "2423"]
[BlackElo "2245"]
[PlyCount "82"]
[EventDate "2000.04.29"]

1. c4 g6 2. g3 Bg7 3. Bg2 f5 4. Nc3 Nf6 5. d3 O-O 6. e4 fxe4 7. dxe4 d6 8. Nge2
c5 9. O-O Nc6 10. f4 Be6 11. Nd5 Qd7 12. Qd3 Bg4 13. Nec3 Nh5 14. Bd2 Kh8 15.
Rae1 Rae8 16. b3 b6 17. Nb5 a6 18. Nbc3 Rb8 19. a3 Bh3 20. f5 Ne5 21. Qc2 Bxg2
22. Kxg2 e6 23. Ne3 Nf6 24. fxe6 Qxe6 25. Ncd5 Nfd7 26. Nc7 Qg8 27. Ned5 Nc6
28. Nxa6 Rxf1 29. Rxf1 Ra8 30. Ndc7 Nd4 31. Qd1 Rxa6 32. Nxa6 Qa8 33. Nc7 Qxe4+
34. Kh3 Nf6 35. Bg5 Nf5 36. Qf3 h5 37. Bxf6 Qg4+ 38. Qxg4 hxg4+ 39. Kxg4 Ne3+
40. Kf3 Nxf1 41. Bxg7+ Kxg7 1-0

[Event "VI Torneo Leonardo di Bona Magistrale"]
[Site "Cutro ITA"]
[Date "2000.05.06"]
[Round "8"]
[White "Kogan, Artur"]
[Black "Zelcic, Robert"]
[Result "1-0"]
[WhiteElo "2483"]
[BlackElo "2529"]
[PlyCount "83"]
[EventDate "2000.04.29"]

1. e4 c6 2. d4 d5 3. e5 Bf5 4. Nf3 e6 5. Be2 Nd7 6. Nbd2 Bg6 7. c3 Nh6 8. Nf1
Be7 9. h4 f6 10. h5 Be4 11. exf6 Bxf6 12. Ng3 Bxf3 13. Bxf3 Bg5 14. Qe2 Kf7 15.
Bg4 Re8 16. O-O Bxc1 17. Raxc1 Qg5 18. Bh3 Nf6 19. Rce1 Nhg4 20. f3 Nh6 21.
Bxe6+ Kf8 22. Qe5 Qxe5 23. Rxe5 Re7 24. Rfe1 Rd8 25. Nf1 Nf7 26. Bxf7 Rxf7 27.
Nd2 b6 28. Nb3 Ne8 29. Nc1 c5 30. Nd3 cxd4 31. cxd4 Nc7 32. a4 a5 33. R5e3 Rf6
34. Re7 Rf7 35. Rxf7+ Kxf7 36. Ne5+ Kf8 37. Kf2 Rd6 38. Rc1 Ne6 39. Ke3 Ke7 40.
f4 Kf6 41. f5 Nd8 42. Kf4 1-0

[Event "VI Torneo Leonardo di Bona Magistrale"]
[Site "Cutro ITA"]
[Date "2000.05.06"]
[Round "8"]
[White "Martorelli, Antonio"]
[Black "Plachkinova Georgieva, Tatjana"]
[Result "1-0"]
[WhiteElo "2271"]
[BlackElo "2071"]
[PlyCount "93"]
[EventDate "2000.04.29"]

1. e4 c5 2. Nf3 Nc6 3. Bb5 e6 4. O-O Nge7 5. Re1 Ng6 6. b4 Nxb4 7. c3 Qb6 8.
Na3 Nc6 9. Rb1 Be7 10. d4 cxd4 11. Nc4 Qc7 12. cxd4 d5 13. exd5 exd5 14. Nce5
O-O 15. Qc2 Bd6 16. Nxc6 bxc6 17. Qxc6 Bf5 18. Qxc7 Bxc7 19. Rb3 Ba5 20. Bd2
Bxd2 21. Nxd2 Rac8 22. Ra3 Rc7 23. g3 Rb8 24. Ra5 h5 25. Nb3 Ne7 26. Rc1 Rxc1+
27. Nxc1 Rc8 28. Nb3 Rc7 29. h4 Be4 30. Be2 g6 31. f3 Bf5 32. Kf2 Bc2 33. Rc5
Rxc5 34. dxc5 Nc6 35. Ke3 Kf8 36. Nd4 Ba4 37. Nxc6 Bxc6 38. g4 Ke7 39. gxh5
gxh5 40. f4 Kf6 41. Bxh5 Kf5 42. Bxf7 d4+ 43. Kxd4 Kxf4 44. Bd5 Bd7 45. c6 Bc8
46. Bf7 Bg4 47. Be8 1-0

[Event "VI Torneo Leonardo di Bona Magistrale"]
[Site "Cutro ITA"]
[Date "2000.05.06"]
[Round "8"]
[White "Velcheva, Maria"]
[Black "Dervishi, Erald"]
[Result "1/2-1/2"]
[WhiteElo "2364"]
[BlackElo "2478"]
[PlyCount "58"]
[EventDate "2000.04.29"]

1. e4 e5 2. Nf3 Nc6 3. d4 exd4 4. Nxd4 Nf6 5. Nxc6 bxc6 6. e5 Qe7 7. Qe2 Nd5 8.
c4 Nb6 9. Nc3 Qe6 10. Qe4 Bb4 11. Bd2 Bxc3 12. Bxc3 d5 13. cxd5 cxd5 14. Qe3
O-O 15. Bd3 Na4 16. O-O c5 17. Bc2 Nxc3 18. bxc3 Ba6 19. Rfd1 Rac8 20. f4 f5
21. Bb3 Rfd8 22. Rd2 Rc7 23. Rad1 Bb7 24. h3 Kh8 25. Kh2 g6 26. Kg1 a5 27. Kh2
Kg7 28. a4 Rdd7 29. Ba2 h5 1/2-1/2

[Event "VI Torneo Leonardo di Bona Magistrale"]
[Site "Cutro ITA"]
[Date "2000.05.07"]
[Round "9"]
[White "Blasco, Domenico"]
[Black "Dragojlovic, Andjelko"]
[Result "0-1"]
[WhiteElo "2092"]
[BlackElo "2437"]
[PlyCount "59"]
[EventDate "2000.04.29"]

1. d4 Nf6 2. e3 g6 3. Nf3 Bg7 4. c4 O-O 5. Nc3 d5 6. cxd5 Nxd5 7. Qb3 Nb6 8.
Be2 Nc6 9. O-O a5 10. a4 Be6 11. Qb5 Nb4 12. Qg5 h6 13. Qg3 c6 14. Ne4 Nc2 15.
Rb1 Ba2 16. Bd2 Bxb1 17. Rxb1 Nb4 18. Nc5 Nd7 19. Nxd7 Qxd7 20. Ne5 Qd8 21. f4
e6 22. h4 h5 23. Bc3 Nd5 24. Qh3 c5 25. g4 cxd4 26. gxh5 dxc3 27. hxg6 Qb6 28.
gxf7+ Rxf7 29. Bh5 Rxf4 30. Nc4 0-1

[Event "VI Torneo Leonardo di Bona Magistrale"]
[Site "Cutro ITA"]
[Date "2000.05.07"]
[Round "9"]
[White "Dervishi, Erald"]
[Black "Pavlovic, Goran"]
[Result "1-0"]
[WhiteElo "2478"]
[BlackElo "2371"]
[PlyCount "53"]
[EventDate "2000.04.29"]

1. e4 e6 2. d4 d5 3. Nd2 c5 4. exd5 exd5 5. Bb5+ Bd7 6. Qe2+ Be7 7. dxc5 Nf6 8.
Ngf3 O-O 9. Nb3 Re8 10. Be3 Bxc5 11. Nxc5 Qa5+ 12. Qd2 Qxb5 13. O-O-O Bg4 14.
h3 Bxf3 15. gxf3 Rc8 16. Rhg1 Nbd7 17. Nxd7 Qxd7 18. Bd4 Rc6 19. Rxg7+ Kxg7 20.
Qg5+ Kf8 21. Bxf6 Qxh3 22. Qg7+ Ke8 23. Qg8+ Kd7 24. Qxf7+ Kc8 25. Qe8+ Kc7 26.
Be5+ Kb6 27. Qxa8 1-0

[Event "VI Torneo Leonardo di Bona Magistrale"]
[Site "Cutro ITA"]
[Date "2000.05.07"]
[Round "9"]
[White "Genocchio, Daniele"]
[Black "Lazarev, Vladimir"]
[Result "1-0"]
[WhiteElo "2245"]
[BlackElo "2493"]
[PlyCount "65"]
[EventDate "2000.04.29"]

1. e4 c5 2. Nf3 Nc6 3. d4 cxd4 4. Nxd4 Qc7 5. Nc3 e6 6. Be3 a6 7. h3 b5 8. g4
Bb7 9. Bg2 Na5 10. O-O b4 11. Nce2 Nf6 12. Ng3 d5 13. e5 Qxe5 14. Re1 Qc7 15.
c3 bxc3 16. Qa4+ Nc6 17. bxc3 Be7 18. Rab1 Rc8 19. g5 Nd7 20. Ngf5 Nc5 21.
Nxg7+ Kf8 22. Bf4 e5 23. Qd1 exf4 24. Qh5 Nxd4 25. Qh6 Qc6 26. Ne6+ Ke8 27.
cxd4 Nxe6 28. g6 fxg6 29. Bf3 Kf7 30. Bg4 Nxd4 31. Rxe7+ Kxe7 32. Qg7+ Kd8 33.
Rxb7 1-0

[Event "VI Torneo Leonardo di Bona Magistrale"]
[Site "Cutro ITA"]
[Date "2000.05.07"]
[Round "9"]
[White "Laketic, Gojko"]
[Black "Zelcic, Robert"]
[Result "1-0"]
[WhiteElo "2456"]
[BlackElo "2529"]
[PlyCount "61"]
[EventDate "2000.04.29"]

1. d4 Nf6 2. Nf3 e6 3. c4 c5 4. d5 b5 5. Bg5 Qa5+ 6. Nc3 bxc4 7. Bxf6 gxf6 8.
Nd2 Ba6 9. g3 e5 10. e4 Qb4 11. Rb1 Bh6 12. Qh5 Bxd2+ 13. Kxd2 d6 14. Bh3 Ke7
15. f4 Bc8 16. fxe5 Bxh3 17. exf6+ Kd8 18. Qxh3 Nd7 19. Qh5 Kc7 20. Rhf1 Rae8
21. Qxf7 Rxe4 22. Qg7 Rhe8 23. f7 Rf8 24. Kc2 Re7 25. Rbe1 Rxe1 26. Rxe1 Rb8
27. Rb1 Rf8 28. g4 Qb8 29. Re1 a6 30. Re7 Qd8 31. Qf6 1-0

[Event "VI Torneo Leonardo di Bona Magistrale"]
[Site "Cutro ITA"]
[Date "2000.05.07"]
[Round "9"]
[White "Safranska, Anda"]
[Black "Velcheva, Maria"]
[Result "1-0"]
[WhiteElo "2367"]
[BlackElo "2364"]
[PlyCount "71"]
[EventDate "2000.04.29"]

1. e4 e6 2. d3 d5 3. Qe2 dxe4 4. dxe4 e5 5. Nf3 Nd7 6. Nbd2 c6 7. Nc4 Qc7 8. c3
a5 9. Qc2 Bc5 10. Be2 Ne7 11. O-O Ng6 12. Re1 O-O 13. g3 Nf6 14. Be3 Qe7 15.
Bf1 Ng4 16. Bxc5 Qxc5 17. h3 Nh6 18. Ne3 f5 19. exf5 Nxf5 20. Bg2 Kh8 21. Ng5
Qe7 22. Ne4 Be6 23. Nxf5 Rxf5 24. Rad1 Raf8 25. Qe2 Bxa2 26. Ra1 Bd5 27. Rxa5
Qc7 28. b4 Qb6 29. Rf1 Ne7 30. Nc5 Bxg2 31. Kxg2 Rd8 32. Qe4 h6 33. Ne6 Re8 34.
Rxe5 Rf7 35. Nf4 Kg8 36. Ng6 1-0